000 00764nam a22002055i 4500
001 166472
003 ES-MaACL
005 20241027182757.0
008 050913q1875 xxk | |||||||| ||eng d
100 1 _aTorrens, Robert.
_9133322
245 1 3 _aAn essay on the transfer of land by registration
_b: under the duplicate method operative in british colonies /
_cby Sir Robert Torrens.
260 _aLondon :
_bCassell & Company,
_c[ca. 1875]
300 _a88 p. ;
_c17 cm.
596 _aSegún el BLPC imp. ca. 1870-1882.
651 4 _aGran Bretaña-
_xColonias.
_9137194
752 _aGran Bretaña -
_dLondres
852 _aES-MaACL
_jT-1444-F-5
_z- Enc. hol., falto de cub. original
_z- Enc. en un vol. facticio
942 _2udc
999 _c166472
_d166472